01632cam a22004094i 4500003000900000005001700009008004100026035001900067040003300086082001700119100003700136245004800173264005800221300005500279336002100334337002500355338002300380505018800403526001000591526001000601526001000611526001000621526000800631526000800639526000800647526000800655526000800663526000800671526000800679650003100687942001400718949012800732596000600860999014900866980005501015952015201070PE-LiUPU20250731173109.0150623s r 000 0 d a(Sirsi) a25101 aPE-LiUPUbspacPE-LiUPUerda04a253bR492211 aRhodes, John D.,d1920-,eautor.10aSuccess secrets for pastors /cJohn Rhodes. 1aAtlanta, Georgia :bJ. A. Thomas & Associates,c1984. a159 páginas :bilustraciones, cuadros. ;c21 cm. atext2rdacontent aunmediated2rdamedia avolume2rdacarrier0 aThe pastor as an administrator. -The pastor as an evangelist. -The pastor as preacher and priest. -The pastor as a ahepherd. -The pastor as a promoter. -The pastor's public relations. aSEG42 aSEG41 aSEG40 aSEG39 aP94 aP87 aP86 aP85 aP77 aP76 aP3504aTeología pastoralxIASD. 2ddccBOOK a253 R49wDEWEYc1i49516lCCODEBUL1mBULp00.00r0sYtBOOKu2015-06-24xTEOLOGIAPP350COMPRAo.STAFF. Colección General a1 a253 R49wDEWEYc30464i49516d30464f2021-11-10g5lCCODEBUL1mBULq1r0sYtBOOKu2015-6-24xTEOLOGIAPP350COMPRAo.STAFF. Colección General 81gALBERTO SANCHEZ Responsable de Automatización r2025-12-03 00:00:00i6l0o253 R49p49516te1w2015-06-24xFTyBKzinventario-2023-12-13102ddc50708GENfP35aBULbBULcGENd2015-06-24eCOMPRA